000
00368nam a22001217a 4500
040
_c
SK
082
_a
551
100
_a
គី វណ្ណារិទ្ធ
245
_a
Coastal and marine aquaculture; វារីវប្បកម្មទឹកប្រៃ និងតំបន់ឆ្នេរ
260
_a
RUA
_b
គី
_c
2008
300
_a
51p.
942
_c
KB
999
_c
10049
_d
10049